Línea de Vida /
Guardado en:
| Autor principal: | |
|---|---|
| Formato: | Desconocido |
| Publicado: |
San José, Costa Rica :
Editorial SECASA,
1984.
|
| Materias: | |
| Etiquetas: |
Agregar Etiqueta
Sin Etiquetas, Sea el primero en etiquetar este registro!
|
MARC
| LEADER | 000000000a22000000004500 | ||
|---|---|---|---|
| 001 | 003232 | ||
| 020 | |a 9977950040 | ||
| 041 | 0 | |a spa, fre | |
| 082 | 0 | 4 | |a B841.34 |b M272l |
| 100 | 1 | |a Mandeville, Pablo José | |
| 245 | 1 | 0 | |a Línea de Vida / |c Pablo José Mandeville. |
| 260 | 1 | |a San José, Costa Rica : |b Editorial SECASA, |c 1984. | |
| 300 | |a 170 páginas | ||
| 650 | 4 | |a LITERATURA BELGA | |
| 650 | 4 | |a POESIA | |
| 999 | |c 9511 |d 9511 | ||
| 942 | |c BK |h B841.34 M272l |2 z | ||



